Guess the Billie Eilish song lyrics (2) - Statistics

General Stats
  • This quiz has been taken 732 times
  • The average score is 133 of 221
Answer Stats
Answer % Correct
I
97%
a
93%
You
92%
"you
92%
you
92%
you?
92%
when
82%
the
80%
your
78%
to
77%
me
76%
No
76%
we
76%
And
72%
my
71%
not
70%
don't
67%
it
67%
know
66%
were
65%
was
64%
could
63%
But
62%
"But
62%
in
61%
didn't
60%
How
59%
how
59%
said
59%
She
59%
she
59%
Try
59%
like
58%
Like
58%
so
58%
power
57%
her
56%
wanna
55%
abuse
54%
change
52%
that
52%
Would
51%
it's
49%
why
49%
get
47%
dare
46%
If
46%
if
46%
For
45%
lose
45%
might
45%
they
45%
all
43%
bad
43%
feel
43%
thought
43%
got
42%
choose
41%
now
40%
made
39%
only
39%
out?
39%
out
39%
strange
39%
hero
38%
lost
38%
part"
38%
strange
38%
take
38%
fault
37%
Will
37%
havin'
36%
isn't
36%
she's
36%
swear
36%
played
35%
act
34%
age
34%
ask
34%
back
34%
class
33%
clothes
33%
Does
33%
ruined
33%
sleepin'
33%
find
32%
wonder
32%
year
32%
devil
31%
keep
31%
hard"
30%
cage?
28%
special
28%
control?
27%
kill
27%
pain
26%
contract?
25%
appeal
24%
turns
23%
No matching quizzes found
Score Distribution
Percent of People with Each Score
Percentile by Number Answered
Your Score History
You have not taken this quiz